Vive tu misa /

Texto litúrgico utilizado en la celebración de la misa en la Iglesia Católica, actualizado según las las reformas litúrgicas del 3 de abril de 1969.

Bewaard in:
Bibliografische gegevens
Coauteur: Iglesia Católica
Formaat: Boek
Taal:Spaans
Gepubliceerd in: México : Conferencia del Episcopado Mexicano, Secretariado General, 1969
Onderwerpen:
Tags: Voeg label toe
Geen labels, Wees de eerste die dit record labelt!

MARC

LEADER 00000nam^a2200000^a^4500
001 000414866
005 20250521000000.0
009 20260526144106.999
037 |a Acervo Xavier Clavigero 
041 |a ESP 
082 |a 264. 023  |b IGL 
110 |a Iglesia Católica 
245 1 0 |a Vive tu misa / 
264 1 |a México :  |b Conferencia del Episcopado Mexicano, Secretariado General,  |c 1969 
300 |a 66 p. 
336 |a texto  |b txt  |2 rdacontenido 
337 |a sin mediación  |b n  |2 rdamedio 
338 |a volumen  |b nc  |2 rdasoporte 
520 |a Texto litúrgico utilizado en la celebración de la misa en la Iglesia Católica, actualizado según las las reformas litúrgicas del 3 de abril de 1969. 
649 |a XX 
650 |a Iglesia Católica 
650 |a Misales -  |x Tema Principal 
650 |a Libros de Oraciones y Devocionarios 
650 |a Misa 
650 |a Liturgia 
650 |a Teología Práctica 
650 |a Catolicismo 
650 |a Cristianismo 
650 |a Religión 
910 |a Fondo Víctor Raúl Durana Valerio S.J. 
920 |a Impresos - Libros 
930 |a Fondos Especiales 
905 |a 116 
901 |a 0500324467  |b IT2  |c ESP  |i D3970  |u 20250521 
902 |a https://opac.biblio.iteso.mx/vufind/Record/000414866